| 000 | 00482nam a2200193Ia 4500 | ||
|---|---|---|---|
| 005 | 20250603145751.0 | ||
| 008 | 250603s9999 xx 000 0 und d | ||
| 020 | _a9780273787112 | ||
| 050 | _aHD 30 .215 .L48/ | ||
| 100 | _aLevine, David M. | ||
| 245 | 0 | _aStatistics for managers using microsoft excel | |
| 250 | _a7th ed. | ||
| 260 | _aUpper Saddle River | ||
| 260 | _bPrentice Hall | ||
| 260 | _c2014 | ||
| 300 | _a885 p | ||
| 650 | _aUpper Saddle River | ||
| 942 | _cBK | ||
| 999 |
_c42792 _d42792 |
||